Controllingový reporting - dôležitý nástroj podpory manažérskeho rozhodovania
Charakteristika štruktúry controllingového reportingu. Reportingová mapa ako nástroj hodnotenia spoločnosti. Hierarchia tvorby KPIs (key performance indicators). Zmeny a vývoj systému zobrazovania informácií. Vývojové stupne zobrazenia informácií v reportingu. Faktory úspešnosti firmy. Hodnototvorné...
Salvato in:
| Autore principale: | |
|---|---|
| Natura: | Capitolo di libro |
| Lingua: | slovacco |
| Soggetti: | |
| Tags: |
Nessun Tag, puoi essere il primo ad aggiungerne!!
|
MARC
| LEADER | 00000naa$a2200000$$$4500 | ||
|---|---|---|---|
| 001 | 0051550 | ||
| 005 | 20230509081433.3 | ||
| 041 | 0 | |a slo | |
| 044 | |a CZ | ||
| 245 | 1 | 0 | |a Controllingový reporting - dôležitý nástroj podpory manažérskeho rozhodovania |c Peter Gallo |
| 520 | |a Charakteristika štruktúry controllingového reportingu. Reportingová mapa ako nástroj hodnotenia spoločnosti. Hierarchia tvorby KPIs (key performance indicators). Zmeny a vývoj systému zobrazovania informácií. Vývojové stupne zobrazenia informácií v reportingu. Faktory úspešnosti firmy. Hodnototvorné procesy, ich definícia a určovanie. Model DFCS (diskontovaný voľný cash flow). Model EVA (economic value added). | ||
| 610 | 2 | 0 | |a cash flow |
| 610 | 2 | 0 | |a hodnota pridaná ekonomická |
| 610 | 2 | 0 | |a modely |
| 610 | 2 | 0 | |a hodnota podniku |
| 610 | 2 | 0 | |a procesy podnikové |
| 610 | 2 | 0 | |a informácie ekonomické |
| 610 | 2 | 0 | |a výkonnosť |
| 610 | 2 | 0 | |a mapy |
| 610 | 2 | 0 | |a reporting |
| 610 | 2 | 0 | |a kontroling |
| 100 | 1 | |a Gallo, Peter, ml. | |